| 000 | 00669cam a22002293a 4500 | ||
|---|---|---|---|
| 001 | 14754 | ||
| 003 | PGUSA | ||
| 005 | 20140828083321.0 | ||
| 008 | 050122s2005||||xxu|||||s|||||000 | eng d | ||
| 040 |
_aPGUSA _beng |
||
| 042 | _adc | ||
| 050 | 4 | _aDA | |
| 100 | 1 |
_aCusack, Mary Frances, _d1829-1899 |
|
| 245 | 1 | 3 |
_aAn Illustrated History of Ireland from AD 400 to 1800 _h[electronic resource] / _cMary Frances Cusack |
| 260 |
_bProject Gutenberg, _c2005 |
||
| 506 | _aPublic domain in the USA. | ||
| 516 | _aElectronic text | ||
| 653 | _aIreland -- History | ||
| 830 | 0 |
_aProject Gutenberg _v14754 |
|
| 856 | 4 | 0 | _uhttp://www.gutenberg.org/ebooks/14754 |
| 942 | _cEB | ||
| 999 |
_c244009 _d244009 |
||